UBT Library

Handbook of public and community health nursing practice : (Record no. 44371)

000 -LEADER
fixed length control field 00900cam a22002654a 4500
001 - CONTROL NUMBER
control field 12162256
005 - DATE AND TIME OF LATEST TRANSACTION
control field 20180308033147.0
008 - FIXED-LENGTH DATA ELEMENTS--GENERAL INFORMATION
fixed length control field 000901s2001 moua bf 001 0 eng c
010 ## - LIBRARY OF CONGRESS CONTROL NUMBER
LC control number 00046540
020 ## - INTERNATIONAL STANDARD BOOK NUMBER
International Standard Book Number 0323013325 (pbk.)
035 ## - SYSTEM CONTROL NUMBER
System control number (DNLM)100963819
040 ## - CATALOGING SOURCE
Original cataloging agency DNLM/DLC
Transcribing agency DLC
Modifying agency DLC
041 ## - LANGUAGE CODE
Language code of text/sound track or separate title eng
042 ## - AUTHENTICATION CODE
Authentication code pcc
060 10 - NATIONAL LIBRARY OF MEDICINE CALL NUMBER
Classification number 610.734
Item number S786p 2001
080 ## - UNIVERSAL DECIMAL CLASSIFICATION NUMBER
Universal Decimal Classification number 610.734
082 00 - DEWEY DECIMAL CLASSIFICATION NUMBER
Classification number 610.734 STA
Edition number 21
100 1# - Rafti
Rafti 2
101 ## - Shkurtesa
Shkurtesa INF
245 10 - TITLE STATEMENT
Title Handbook of public and community health nursing practice :
Statement of responsibility, etc Marcia Stanhope, Ruth N. Knollmueller.
504 ## - BIBLIOGRAPHY, ETC. NOTE
Bibliography, etc Includes bibliographical references and index.
906 ## - LOCAL DATA ELEMENT F, LDF (RLIN)
a 7
b cbc
c orignew
d 1
e ocip
f 20
g y-gencatlg
942 ## - ADDED ENTRY ELEMENTS (KOHA)
Source of classification or shelving scheme
Item type Books
Holdings
Withdrawn status Lost status Source of classification or shelving scheme Damaged status Not for loan Collection code Permanent location Current location Shelving location Date acquired Total Checkouts Full call number Barcode Date last seen Price effective from Koha item type
          Koleksioni i përgjithshem UBT - Lipjan UBT - Lipjan Koleksioni i përgjithshem 03/08/2018   610.734 STA 002-3000925 03/08/2018 03/08/2018 Books
UBT Library © 2015-2024. All rights reserved University Education for Business and Technology